000 00304 a2200109 4500
001 ART_33050
005 20260410161926.0
008 260409a
245 1 0 _aMecanismos del Protocolo de Kioto
100 1 _aGodoy, María Natalia
773 0 _tLecturas
_g- Nº 13 (ene. 2009)
_wREV19328
999 _c28183
_d28183